000 00668nam a2200205 4500
005 20250124123924.0
010 _aENG-143572
020 _a9789390082957
_c395.00
035 _aEN-127104
037 _bDBAD
082 _a362.1962414
100 _aPradeep Kumar
_976957
245 _aCovid and Coexistence/
_cby Pradeep Kumar; B, Ramya R [and] Santhosh R
260 _aMadurai
_bShanlax Publications
_c2020
270 _a61,66 Vasantha Nagar
_bMadurai
_e625003
_mshanlaxpublications@gmail.com
300 _a156p.
_c24cm(Pb)
700 _a B, Ramya R
_eAuthor
_976958
700 _aSanthosh R
_eAuthor
_976959
942 _2ddc
_cEN
_h362.1962414
_mRRA
999 _c208729
_d208729